Un amour disputé : (Record no. 110292)

MARC details
000 -LEADER
campo de control de longitud fija 00738cam a2200277 a 4500
001 - NÚMERO DE CONTROL
campo de control 39762
005 - FECHA Y HORA DE LA ÚLTIMA TRANSACCIÓN
campo de control 20230411085955.0
008 - DATOS DE LONGITUD FIJA--INFORMACIÓN GENERAL
campo de control de longitud fija 010530s2000 quc 000 1 fre
035 ## - NÚMERO DE CONTROL DEL SISTEMA
Número de control de sistema (OCoLC)ocm47073863
040 ## - FUENTE DE CATALOGACIÓN
Centro catalogador/agencia de origen NLC
Lengua de catalogación fre
Centro/agencia transcriptor NLC
Centro/agencia modificador OCLCQ
016 ## - NÚMERO DE CONTROL DE UNA AGENCIA BIBLIOGRÁFICA NACIONAL
Número de control del registro 20010064044
020 ## - NÚMERO INTERNACIONAL ESTÁNDAR DEL LIBRO
ISBN cancelado o inválido 2922752002
029 0# - OTRO NÚMERO DE CONTROL DE SISTEMA (OCLC)
Identificador de la biblioteca OCLC NLC
Número de control de sistema 20010064044
035 ## - NÚMERO DE CONTROL DEL SISTEMA
Número de control de sistema (OCoLC)47073863
055 00 - NÚMEROS DE CLASIFICACIÓN ASIGNADOS EN CANADÁ
Número de clasificación 110 PQ 3949
Número de ítem D228a 2000
082 00 - NÚMERO DE LA CLASIFICACIÓN DECIMAL DEWEY
Número de clasificación 843/.6
049 ## - FONDOS LOCALES (OCLC)
Biblioteca depositaria GRAL
100 1# - ENTRADA PRINCIPAL--NOMBRE DE PERSONA
Nombre de persona Dary, Henri,
Fechas asociadas al nombre 1950-
245 13 - MENCIÓN DEL TÍTULO
Título Un amour disputé :
Resto del título roman /
Mención de responsabilidad, etc. Henri Dary.
260 ## - PUBLICACIÓN, DISTRIBUCIÓN, ETC.
Lugar de publicación, distribución, etc. Saint-Leonard, Qc :
Nombre del editor, distribuidor, etc. Editions Metuca,
Fecha de publicación, distribución, etc. c2000.
300 ## - DESCRIPCIÓN FÍSICA
Extensión 232 p. ;
Dimensiones 21 cm.
650 #4 - PUNTO DE ACCESO ADICIONAL DE MATERIA--TÉRMINO DE MATERIA
Término de materia o nombre geográfico como elemento de entrada CEH
650 #4 - PUNTO DE ACCESO ADICIONAL DE MATERIA--TÉRMINO DE MATERIA
Término de materia o nombre geográfico como elemento de entrada Colección Estudios Haitianos
942 ## - ELEMENTOS DE ENTRADA SECUNDARIOS (KOHA)
Fuente del sistema de clasificación o colocación Clasificación de Library of Congress
Tipo de ítem Koha
994 ## -
-- C0
-- DRFGD
Holdings
Estatus retirado Estado de pérdida Fuente del sistema de clasificación o colocación Estado de daño No para préstamo Colección Biblioteca de origen Biblioteca actual Ubicación en estantería Fecha de adquisición Código de barras Visto por última vez Copia número Tipo de ítem Koha
    Clasificación de Library of Congress     Automatización y Procesos Técnicos Biblioteca Juan Bosch Biblioteca Juan Bosch Automatización y Procesos Técnicos (1er. Piso) 11/04/2023 00000040717 17/02/2019 1